Województwa uprawiające najwięcej ziemniaków - Statystyki

Ogólne statystyki
  • Ten quiz został rozwiązany 563 razy
    556 od ostatniego zresetowania
  • Średni wynik to 3 z 6
Statystyki odpowiedzi
Plony w ha Województwo % Poprawnych
19 068 mazowieckie
82%
27 330,04 wielkopolskie
81%
12 726,65 małopolskie
51%
16 573,63 pomorskie
48%
22 082,26 łódzkie
41%
15 748,28 kujawsko-pomorskie
37%
Nie znaleziono quizów pasujących do podanych kryteriów
Rozkład punktacji
Procent ludzi z każdym wynikiem
Percentyl według liczby udzielonych odpowiedzi
Twoja historia wyników
Nie rozwiązałeś tego quizu od ostatniego zresetowania